01085cam a22002295a 4500003001000000005001700010008004100027020002200068040003400090041001300124080002000137100002300157245006100180260003700241300002100278490001100299520045800310650002500768650002200793655002100815700001900836AR-RoUNCS20251216160550.0050705s2007 ag ||||gr |00| p spa  a987-987-1093-46-5 aAR-BaBNbspacAR-RoUNCSeaacr1 aspahgrc1 a82-13(38)220160 aHomeroeautor4aut13aLa Odisea /cHomero ; estudio preliminar, Sergio Albano. aBuenos Aires :bGradifco,c2007. a384 p. ;c19 cm.0 aNogal.3 aEn "La Odisea" Homero narra las peripecias del viaje que emprendió el protagonista Odiseo para regresar a su patria. Además, en el relato se describen escenas familiares, con una mirada más psicológica e intimista. Esta obra a superado el ámbito literario para ganar terreno en el lenguaje popular, así se acuño el término odisea para designar todo viaje accidentado o peripecia, dando muestra cabal de su inmortalidad. (Nota del editor) 4aLiteratura clásica 4aLiteratura griega 4aPoesía épica1 aAlbano, Sergio